000 03149nam a2200301 i 4500
005 20251212125046.0
007 ta
008 200622s2025 000 0 eng d
040 _aCO-CtgCURN
_bspa
_ccoctgcurn
082 0 _aTCS 2025
_bO747
100 1 _aOrozco, Jose Gregorio,
_eauthor.
_4aut
245 1 3 _aLa ética contable como factor determinante en la transparencia y competitividad de las empresas de la ciudad de Cartagena de Indias /
_cJose Gregorio Orozco; Jose Angel Coavas Padilla; Rocio Correa Olier; Katerine Villadiego Orozco; Asesor: Yasmin Rocio Ospino Reyes.
260 _aCartagena de Indias :
_bCorporación Universitaria Rafael Núñez,
_c2025.
300 _a54 hojas.
336 _atext
_btxt
_2rdacontent
337 _aunmediated
_bn
_2rdamedia
338 _avolume
_bnc
_2rdacarrier
502 _aTrabajo de grado (Tecnologo en contabilidad sistematizada). Corporación Universitaria Rafael Núñez. Facultad de Ciencias Administrativas y Contables. Programa de Tecnología en Contabilidad Sistematizada, 2025.
520 8 _a"En la actualidad, la profesión contable asume responsabilidades para actuar enfocados al interés público por lo tanto las personas que ejercen esta profesión deben dar muestras de solidos valores morales, éticos y de responsabilidades, no solo empresarial, sino también social. El presente trabajo tiene como objetivo establecer cuáles son los factores que conllevan al comportamiento antiético por parte de los contadores, como lo menciona (Martínez & Peñaloza, 2018) Hoy el sentido ético de los contadores públicos a nivel mundial se ve relegado por los intereses individuales de los inversionistas, lo cual ha afectado la confianza pública. Los contadores, revisores fiscales y auditores se ven envueltos en escándalos financieros que han conllevado un detrimento patrimonial de los Stakeholders, encubrimientos e incumplimientos en información oportuna a los entes reguladores, entre otras anomalías. La ética es un factor importante en el comportamiento labor de los profesionales, un actuar erróneo del profesional contable, puede afectar no solo a la empresa, sino también a la sociedad en general, lo cual conlleva a que el contador se vuelva implicado en situaciones poco apropiadas para su vida profesional y personal, muchas son las sanciones que ha puesto la junta central de contadores por la falta a los principios éticos de la profesión, lo cual deja ver la falta de compromiso de algunos en velar porque la profesión tenga un desarrollo normativo, ético y moral que ayude al desarrollo de una sociedad.."
650 0 _aContabilidad sistematizada
_xTesis y disertaciones académicas.
700 1 _aCoavas Padilla, Jose Angel.
700 1 _aCorrea Olier, Rocio.
700 1 _aVilladiego Orozco, Katerine.
700 1 _aOspino Reyes, Yasmin Rocio,
_easesor.
856 7 _uhttps://unicurn.sharepoint.com/:b:/s/biblioteca/IQAmI4WQIOMrQYcBcHPf0pkkASl7uFCrD4AMK_N3Grw2ZYk?e=wQ8GPR
_zClick aqui para ver el recurso en texto completo
942 _cTG
_hTCS 2025
_iO747
_aMHC
_bMHC
_2ddc
999 _c50265
_d50265